| 000 | 00539nam a2200193Ia 4500 | ||
|---|---|---|---|
| 003 | LK-CoDNM | ||
| 008 | 010623t1952 xxu||||| |||| 00| 1 sin d | ||
| 040 |
_aLK-CoDNM _dLK-CoDNM _eLK-CoDNM |
||
| 041 | _asin | ||
| 080 |
_a(x)398.8 _bPRA |
||
| 100 | _aPragngnaloka, H.U. | ||
| 245 | _aපුරාණ සිව්පද සංග්රහව | ||
| 246 | _aPurana sivpada sangrahava | ||
| 260 |
_bPravrthi depaarthameenthuva _aSri Lanka _c1952 |
||
| 300 | _b6204, 21.5 cm | ||
| 650 | _aCulture | ||
| 650 | _aPoetry | ||
| 942 | _cBK | ||
| 999 |
_c102688 _d102688 |
||